Religion by Letter - N - Statistics

General Stats
  • This quiz has been taken 185 times
  • The average score is 16 of 20
Answer Stats
Hint Answer % Correct
He built an ark at God's command Noah
97%
Paris cathedral whose construction began in 1163 Notre Dame
96%
City where Jesus grew up Nazareth
95%
Predominantly Hindu country Nepal
95%
Female version of a monk Nun
95%
Baby Moses was hidden in this river Nile
92%
Roman god of the sea Neptune
91%
Country where the Kim family has a cult of personality North Korea
90%
State of liberation from desire (enlightenment) in Buddhism Nirvāna
88%
Greek goddess of victory or an apparel company Nike
83%
People who worshiped Thor or Odin Norse
83%
Part of the Christian Bible written after the death of Jesus New Testament
82%
Saint known for his secret gift-giving Nicholas
82%
Where the Māori follow "tapu" New Zealand
71%
Country that is 50% Muslim and 50% Christian Nigeria
71%
Babylonian king who conquered Judah Nebuchadnezzar
66%
City with a long Voodoo history New Orleans
65%
Type of veil worn by some Muslim women Niqāb
63%
Female nature deity of Greek folklore Nymph
60%
One of the books of the Torah Numbers
58%
No matching quizzes found
Score Distribution
Percent of People with Each Score
Percentile by Number Answered
Your Score History
You have not taken this quiz